| 000 | 00442nam a2200181Ia 4500 | ||
|---|---|---|---|
| 001 | 13725 | ||
| 005 | 20260306164822.0 | ||
| 008 | 260306t2008||||xx |||||||||||||| ||spa|| | ||
| 041 | _aESP | ||
| 082 |
_a005.133C2 _bG22 |
||
| 100 |
_aGarcía, Félix _eAUT |
||
| 245 | 0 | _aProgramación en lenguajes estructurados | |
| 260 | _c2008 | ||
| 300 |
_axvi, 447 páginas : _c27 cm. |
||
| 650 | _aGEN | ||
| 654 | _aCCC | ||
| 942 |
_cLIB _dJUS _fJUS _2ddc _n |
||
| 999 |
_c13725 _d13725 |
||